[Event "Baku op-A"]
[Site "Baku"]
[Date "2025.05.05"]
[Round "8"]
[White "Pipiras, Filipa Fortuna"]
[Black "Mgeladze, Kesaria"]
[Result "1/2-1/2"]
[WhiteElo "2195"]
[BlackElo "2243"]
[PlyCount "78"]
[EventDate "2025.04.28"]
[EventType "swiss"]
[EventRounds "9"]
[EventCountry "AZE"]
[SourceTitle "CB19_2025"]
[SourceDate "2025.05.07"]
[SourceVersion "1"]
[SourceVersionDate "2025.05.07"]
[SourceQuality "1"]

1. d4 Nf6 2. c4 g6 3. Nc3 Bg7 4. e4 d6 5. Be2 0-0 6. Be3 c5 7. d5 e6 8. Nf3 exd5 9. cxd5 Nbd7 10. 0-0 Ng4 11. Bg5 f6 12. Bh4 Nde5 13. Nxe5 Nxe5 14. f4 Nf7 15. Kh1 Qc7 16. Rc1 f5 17. exf5 Bxf5 18. g4 Bd7 19. Qd2 Nh6 20. h3 Rae8 21. Bd3 Qc8 22. Ne4 Bxg4 23. Nxd6 Qd7 24. Nxe8 Rxe8 25. hxg4 Qxg4 26. Bb5 Qxh4+ 27. Qh2 Qd8 28. Bxe8 Qxd5+ 29. Qg2 Qh5+ 30. Kg1 Bd4+ 31. Rf2 Ng4 32. Rcf1 Qh4 33. f5 Nxf2 34. Rxf2 Bxf2+ 35. Qxf2 Qg4+ 36. Kh2 Qh5+ 37. Kg2 Qg4+ 38. Kh2 Qh5+ 39. Kg2 Qg4+ 1/2-1/2

[Event "EU-ch (Women) 25th"]
[Site "Rhodes"]
[Date "2025.04.05"]
[Round "6"]
[White "Brunello, Marina"]
[Black "Mgeladze, Kesaria"]
[Result "0-1"]
[WhiteElo "2325"]
[BlackElo "2243"]
[PlyCount "80"]
[EventDate "2025.03.31"]
[EventType "swiss"]
[EventRounds "11"]
[EventCountry "GRE"]
[SourceTitle "CB16_2025"]
[SourceDate "2025.04.16"]
[SourceVersion "1"]
[SourceVersionDate "2025.04.16"]
[SourceQuality "1"]

1. e4 c5 2. Nf3 d6 3. d4 cxd4 4. Nxd4 Nf6 5. Nc3 Nc6 6. Bc4 Qb6 7. Nxc6 bxc6 8. Bb3 e5 9. Be3 Qc7 10. Qd2 Be7 11. f3 0-0 12. 0-0-0 Be6 13. Qf2 Rad8 14. g4 Bxb3 15. axb3 d5 16. Qg3 dxe4 17. fxe4 Qa5 18. Qf3 Nd7 19. Rhf1 Bc5 20. Bg5 f6 21. Bd2 Bb4 22. Nb1 Bxd2+ 23. Rxd2 Nc5 24. Rxd8 Rxd8 25. g5 Rf8 26. Qf5 g6 27. Qf3 f5 28. exf5 Rxf5 29. Qe2 Qb5 30. Qxb5 cxb5 31. Rxf5 gxf5 32. Nc3 a6 33. b4 Ne6 34. Nd5 Kf7 35. h4 f4 36. b3 Kg6 37. c4 Kh5 38. Nf6+ Kxh4 39. Nxh7 f3 40. Kd2 Kh3 0-1

[Event "Wch U20 Girls 41st"]
[Site "Petrovac"]
[Date "2025.02.27"]
[Round "3"]
[White "Toncheva, Nadya"]
[Black "Mgeladze, Kesaria"]
[Result "1/2-1/2"]
[WhiteElo "2311"]
[BlackElo "2219"]
[PlyCount "101"]
[EventDate "2025.02.25"]
[EventType "swiss"]
[EventRounds "11"]
[EventCountry "MNE"]
[SourceTitle "CB11_2025"]
[SourceDate "2025.03.12"]
[SourceVersion "1"]
[SourceVersionDate "2025.03.12"]
[SourceQuality "1"]

1. e4 c5 2. c3 Nf6 3. e5 Nd5 4. Nf3 Nc6 5. Bc4 Nb6 6. Bb3 c4 7. Bc2 d6 8. exd6 Qxd6 9. 0-0 g6 10. b3 Bg7 11. Na3 cxb3 12. axb3 0-0 13. d4 Rd8 14. Bg5 Be6 15. Re1 Qd7 16. Qd2 Rac8 17. Bh6 Bd5 18. Bd1 Bxf3 19. Bxf3 e5 20. Bxg7 Kxg7 21. Nc2 exd4 22. Nxd4 Nxd4 23. cxd4 Qxd4 24. Qxd4+ Rxd4 25. Rxa7 Rc3 26. Rb1 Rb4 27. h4 Rxh4 28. Rxb7 Rb4 29. Bd1 Nd5 30. Rxb4 Nxb4 31. Be2 h5 32. Bc4 Nc6 33. Be2 Nb4 34. Kf1 h4 35. Bc4 h3 36. gxh3 Rxh3 37. Kg2 Rc3 38. Rd1 Nc6 39. Rd5 f6 40. f4 g5 41. Rd7+ Kh6 42. Rd6 Na5 43. fxg5+ Kg6 44. Bg8 Kxg5 45. Rb6 f5 46. Bd5 Kf4 47. Kf2 Rc2+ 48. Kf1 Ke3 49. Rb5 Nc6 50. Bxc6 Rxc6 51. Rxf5 1/2-1/2

[Event "EU-ch rapid (Women)"]
[Site "Monaco"]
[Date "2025.01.11"]
[Round "5"]
[White "Atalik, Ekaterina"]
[Black "Mgeladze, Kesaria"]
[Result "1-0"]
[WhiteElo "2395"]
[BlackElo "2157"]
[PlyCount "155"]
[EventDate "2025.01.11"]
[EventType "swiss (rapid)"]
[EventRounds "11"]
[EventCountry "MNC"]
[SourceTitle "CB03_2025"]
[SourceDate "2025.01.15"]
[SourceVersion "1"]
[SourceVersionDate "2025.01.15"]
[SourceQuality "1"]

1. d4 Nf6 2. Nc3 d5 3. Bf4 c5 4. e3 Nc6 5. Nb5 Kd7 6. dxc5 e6 7. Bc7 Qe8 8. Bd6 Qd8 9. Nf3 a6 10. Nc3 Bxd6 11. cxd6 Kxd6 12. Bd3 Ke7 13. 0-0 Qd6 14. Re1 Rd8 15. e4 dxe4 16. Nxe4 Nxe4 17. Rxe4 Kf8 18. Qe1 Qe7 19. Qc3 Bd7 20. Rae1 f5 21. R4e3 Qb4 22. Qxb4+ Nxb4 23. Ne5 Nxd3 24. Rxd3 Bb5 25. Rb3 Rab8 26. c4 Ba4 27. Rb6 Ke7 28. b3 Be8 29. c5 Kf6 30. b4 a5 31. a3 axb4 32. axb4 Ba4 33. h4 Bc6 34. Nxc6 bxc6 35. Rxc6 Rxb4 36. Rcxe6+ Kf7 37. Re7+ Kf8 38. c6 Rc4 39. Rd7 Rc8 40. Ree7 R8xc6 41. Rf7+ Ke8 42. Rde7+ Kd8 43. Ra7 Ke8 44. Rxg7 Kf8 45. Rxh7 Kg8 46. Rag7+ Kf8 47. Rf7+ Kg8 48. Rhg7+ Kh8 49. g3 f4 50. gxf4 Rxf4 51. Rh7+ Kg8 52. Rxf4 Kxh7 53. Kg2 Rc3 54. Rf3 Rc4 55. Kg3 Kg6 56. Ra3 Rd4 57. Ra6+ Kh5 58. Ra5+ Kg6 59. f4 Rd1 60. Rg5+ Kf6 61. Kg4 Rg1+ 62. Kh5 Rf1 63. Rg8 Kf7 64. Rg4 Kf6 65. Kh6 Kf5 66. Rg8 Rh1 67. Rf8+ Kg4 68. Kg6 Rxh4 69. f5 Kf4 70. f6 Rg4+ 71. Kf7 Kf5 72. Ra8 Ke5 73. Ke7 Rb4 74. Ra5+ Ke4 75. f7 Rb7+ 76. Kf6 Rb6+ 77. Kg7 Rb7 78. Kg8 1-0

[Event "EU-ch rapid (Women)"]
[Site "Monaco"]
[Date "2025.01.11"]
[Round "4"]
[White "Mgeladze, Kesaria"]
[Black "Bulmaga, Irina"]
[Result "0-1"]
[WhiteElo "2157"]
[BlackElo "2386"]
[PlyCount "130"]
[EventDate "2025.01.11"]
[EventType "swiss (rapid)"]
[EventRounds "11"]
[EventCountry "MNC"]
[SourceTitle "CB03_2025"]
[SourceDate "2025.01.15"]
[SourceVersion "1"]
[SourceVersionDate "2025.01.15"]
[SourceQuality "1"]

1. e4 e5 2. Nf3 Nc6 3. Nc3 Nf6 4. Bb5 Bb4 5. 0-0 0-0 6. Bxc6 dxc6 7. d3 Re8 8. Ne2 Nd7 9. Ng3 Nf8 10. c3 Bd6 11. Bg5 f6 12. Be3 Be6 13. Nh4 g6 14. Bh6 c5 15. Ngf5 Qd7 16. Ng7 Red8 17. Nxe6 Nxe6 18. Be3 Be7 19. Qb3 b6 20. Nf5 gxf5 21. exf5 Qd5 22. fxe6 Qxb3 23. axb3 Rxd3 24. Rfd1 Rxd1+ 25. Rxd1 Bd6 26. f4 exf4 27. Bd2 Re8 28. Re1 Be5 29. Kf2 Rxe6 30. Bxf4 Kf7 31. Be3 a5 32. Ra1 Bxh2 33. Rh1 Bg3+ 34. Kxg3 Rxe3+ 35. Kf2 Rd3 36. Ke2 Rg3 37. Rxh7+ Kg6 38. Rh2 Kf5 39. Kf2 Rd3 40. Ke2 Rd7 41. Rh4 Kg5 42. Rc4 f5 43. Ke3 Re7+ 44. Kf3 Re5 45. b4 Re4 46. Rxe4 fxe4+ 47. Kxe4 cxb4 48. cxb4 axb4 49. Kd5 c5 50. Kc4 Kg4 51. Kb5 Kg3 52. b3 Kxg2 53. Kxb6 c4 54. bxc4 b3 55. c5 b2 56. c6 b1Q+ 57. Ka7 Qa2+ 58. Kb8 Qb3+ 59. Ka7 Qc4 60. Kb6 Qb4+ 61. Ka7 Qc5+ 62. Kb7 Qb5+ 63. Kc7 Kf3 64. Kd6 Ke4 65. c7 Qe8 0-1

[Event "Krakow op-A 35th"]
[Site "Krakow"]
[Date "2025.01.02"]
[Round "7"]
[White "Oliinyk, Serafym"]
[Black "Mgeladze, Kesaria"]
[Result "1/2-1/2"]
[WhiteElo "2207"]
[BlackElo "2157"]
[PlyCount "180"]
[EventDate "2024.12.27"]
[EventType "swiss"]
[EventRounds "9"]
[EventCountry "POL"]
[SourceTitle "CB02_2025"]
[SourceDate "2025.01.08"]
[SourceVersion "1"]
[SourceVersionDate "2025.01.08"]
[SourceQuality "1"]

1. e4 c5 2. Nf3 Nc6 3. d4 cxd4 4. Nxd4 Nf6 5. Nc3 d6 6. Bg5 e6 7. Qd2 a6 8. 0-0-0 Bd7 9. f4 b5 10. Bxf6 gxf6 11. Kb1 Qb6 12. Nxc6 Bxc6 13. f5 Qc5 14. Bd3 b4 15. Ne2 h5 16. fxe6 fxe6 17. Nf4 Kd7 18. Rhf1 Bh6 19. Qe2 Bxf4 20. Rxf4 Ke7 21. Rdf1 Rh6 22. Qf3 Qe5 23. Qe3 Qc5 24. Qg3 Kf7 25. Qf3 Qe5 26. Qf2 Bb5 27. Rf3 Re8 28. Bxb5 axb5 29. Qd2 Rg6 30. Qxb4 Rxg2 31. Rxf6+ Qxf6 32. Rxf6+ Kxf6 33. a4 bxa4 34. Qxd6 Rc8 35. c3 Rcg8 36. Qf4+ Ke7 37. e5 a3 38. Qb4+ Kf7 39. Qxa3 Rxh2 40. Qa7+ Kf8 41. Qc5+ Kf7 42. Qc7+ Kf8 43. Qd6+ Kf7 44. Qd7+ Kf8 45. Qxe6 Rgg2 46. Ka2 Rxb2+ 47. Ka3 h4 48. Qc8+ Ke7 49. Qc7+ Ke6 50. Qd6+ Kf5 51. e6 Rbd2 52. Qe7 Rhe2 53. Qf7+ Kg4 54. e7 h3 55. e8Q Rxe8 56. Qxe8 h2 57. Qe4+ Kg3 58. Qe3+ Kg4 59. Qxd2 h1Q 60. Qd4+ Kf5 61. c4 Ke6 62. Qc5 Kd7 63. Kb4 Qb1+ 64. Ka5 Qa1+ 65. Kb6 Qf6+ 66. Kb7 Qf3+ 67. Ka7 Qc6 68. Qb5 Kd6 69. Qb6 Kd7 70. c5 Qa4+ 71. Kb7 Qe4+ 72. c6+ Kd6 73. Qd8+ Kc5 74. Qf8+ Kb5 75. Qf1+ Kc5 76. Qf2+ Kd6 77. Qd2+ Kc5 78. Qc3+ Kd6 79. Qa3+ Ke6 80. Qc3 Kd6 81. Qd2+ Kc5 82. Qf2+ Kd6 83. Qg3+ Kc5 84. Qa3+ Kb5 85. Qa6+ Kc5 86. Qb6+ Kd6 87. Qb5 Qe7+ 88. Ka6 Qc7 89. Qb6 Qxc6 90. Qxc6+ Kxc6 1/2-1/2

[Event "Krakow op-A 35th"]
[Site "Krakow"]
[Date "2024.12.31"]
[Round "6"]
[White "Mgeladze, Kesaria"]
[Black "Pattnayak, Nilsu"]
[Result "1/2-1/2"]
[WhiteElo "2157"]
[BlackElo "2161"]
[PlyCount "61"]
[EventDate "2024.12.27"]
[EventType "swiss"]
[EventRounds "9"]
[EventCountry "POL"]
[SourceTitle "CB02_2025"]
[SourceDate "2025.01.08"]
[SourceVersion "1"]
[SourceVersionDate "2025.01.08"]
[SourceQuality "1"]

1. e4 e5 2. Nf3 Nf6 3. d4 Nxe4 4. Bd3 d5 5. Nxe5 Nd7 6. Nxd7 Bxd7 7. 0-0 Bd6 8. Nc3 Nxc3 9. bxc3 0-0 10. Qh5 f5 11. Re1 c6 12. Bg5 Qc7 13. Be7 Rf7 14. Bxd6 Qxd6 15. Qf3 Re7 16. c4 Rxe1+ 17. Rxe1 Qb4 18. Rc1 dxc4 19. c3 Qb5 20. Bf1 Qd5 21. Qf4 b5 22. Re1 Re8 23. Rxe8+ Bxe8 24. Qb8 Qd7 25. a4 Kf8 26. a5 Ke7 27. a6 g6 28. Qe5+ Kd8 29. Qb8+ Ke7 30. Qe5+ Kd8 31. Qb8+ 1/2-1/2

[Event "Krakow op-A 35th"]
[Site "Krakow"]
[Date "2024.12.27"]
[Round "1"]
[White "Bashirov, Kemal"]
[Black "Mgeladze, Kesaria"]
[Result "1-0"]
[WhiteElo "2293"]
[BlackElo "2157"]
[PlyCount "53"]
[EventDate "2024.12.27"]
[EventType "swiss"]
[EventRounds "9"]
[EventCountry "POL"]
[SourceTitle "CB02_2025"]
[SourceDate "2025.01.08"]
[SourceVersion "1"]
[SourceVersionDate "2025.01.08"]
[SourceQuality "1"]

1. d4 Nf6 2. Nf3 g6 3. Nbd2 Bg7 4. e4 d6 5. Bc4 0-0 6. 0-0 c6 7. Bb3 d5 8. e5 Ne8 9. Re1 Bg4 10. h3 Bxf3 11. Nxf3 Nc7 12. c3 Nd7 13. Bc2 b5 14. h4 Ne6 15. h5 Qc7 16. hxg6 fxg6 17. Nh4 c5 18. Qg4 Qb6 19. Nxg6 hxg6 20. Qxg6 Rfc8 21. Qh7+ Kf8 22. Bg6 Nf4 23. Bxf4 Rc6 24. Bf5 Rd8 25. e6 Nf6 26. Qg6 Kg8 27. Bh6 1-0

[Event "Wch U14 Girls"]
[Site "Florianopolis"]
[Date "2024.11.09"]
[Round "11"]
[White "Ferrer Naranjo, Liennys"]
[Black "Mgeladze, Kesaria"]
[Result "0-1"]
[WhiteElo "1918"]
[BlackElo "2166"]
[PlyCount "120"]
[EventDate "2024.10.29"]
[EventType "swiss"]
[EventRounds "11"]
[EventCountry "BRA"]
[SourceTitle "CB45_2024"]
[Source "ChessBase"]
[SourceDate "2024.11.06"]
[SourceVersion "1"]
[SourceVersionDate "2024.11.06"]
[SourceQuality "1"]

1. e4 c5 2. Nf3 d6 3. d4 cxd4 4. Nxd4 Nf6 5. Nc3 a6 6. g3 g6 7. Bg2 Bg7 8. 0-0 0-0 9. h3 Nc6 10. Nde2 Be6 11. a4 Rc8 12. Nf4 Bd7 13. Nfd5 Nxd5 14. Nxd5 Ne5 15. Bg5 Re8 16. b3 Bc6 17. Rc1 b5 18. axb5 axb5 19. Be3 Nd7 20. Nb4 Bb7 21. Bd4 Bxd4 22. Qxd4 Nc5 23. Nd3 Qc7 24. Qe3 Nxd3 25. Qxd3 Qc5 26. c3 b4 27. c4 Ra8 28. Kh2 Ra2 29. Rc2 Rea8 30. Qd2 Rxc2 31. Qxc2 Ra3 32. Qb2 Qa7 33. Qb1 Qd4 34. f4 Qe3 35. Rf3 Qe2 36. Qf1 Ra2 37. Kg1 Bxe4 38. Rf2 Qxf2+ 39. Qxf2 Rxf2 40. Kxf2 Bxg2 41. Kxg2 f5 42. Kf3 Kf7 43. Ke3 e5 44. fxe5 dxe5 45. Kf3 Ke6 46. Ke3 Kd6 47. Kd3 Kc5 48. Ke3 g5 49. h4 f4+ 50. Ke2 h6 51. gxf4 gxf4 52. Kd3 f3 53. h5 e4+ 54. Ke3 Kd6 55. Kf2 Kc6 56. Ke3 Kc5 57. Kd2 Kd4 58. Ke1 e3 59. Kd1 Kd3 60. c5 f2 0-1

[Event "Wch U14 Girls"]
[Site "Florianopolis"]
[Date "2024.10.30"]
[Round "2"]
[White "Nenova, Andzhelika"]
[Black "Mgeladze, Kesaria"]
[Result "0-1"]
[WhiteElo "1862"]
[BlackElo "2166"]
[PlyCount "120"]
[EventDate "2024.10.29"]
[EventType "swiss"]
[EventRounds "11"]
[EventCountry "BRA"]
[SourceTitle "CB45_2024"]
[Source "ChessBase"]
[SourceDate "2024.11.06"]
[SourceVersion "1"]
[SourceVersionDate "2024.11.06"]
[SourceQuality "1"]

1. e4 c5 2. Nf3 d6 3. d4 cxd4 4. Nxd4 Nf6 5. Nc3 Nc6 6. Bg5 e6 7. Qd2 a6 8. 0-0-0 Bd7 9. f4 b5 10. Bxf6 gxf6 11. Kb1 Qb6 12. Nxc6 Bxc6 13. f5 Qc5 14. Bd3 b4 15. Ne2 h5 16. h4 Bh6 17. Qe1 e5 18. Ng3 Bf4 19. Rh3 Ke7 20. Qe2 Bxg3 21. Rxg3 Rag8 22. Rxg8 Rxg8 23. Qxh5 Rxg2 24. Qf3 Rg1 25. Bf1 a5 26. h5 a4 27. h6 Rg8 28. b3 a3 29. Bc4 Rg1 30. Bf1 Rg8 31. Bc4 Rh8 32. Qh5 Rh7 33. Qh1 Qe3 34. Qe1 Qxe1 35. Rxe1 Rxh6 36. Bd3 d5 37. exd5 Bxd5 38. Kc1 Rh2 39. Be4 Bxe4 40. Rxe4 Kd6 41. Rxb4 Kd5 42. Rb8 e4 43. Rd8+ Ke5 44. Rd2 Rh1+ 45. Rd1 Rxd1+ 46. Kxd1 Kxf5 47. Ke2 Ke5 48. b4 f5 49. b5 f4 50. c4 Kd6 51. b6 Kc6 52. c5 f5 53. Kd2 f3 54. Ke3 f4+ 55. Kf2 Kb7 56. Kf1 e3 57. Ke1 f2+ 58. Ke2 f3+ 59. Kf1 Kc6 60. b7 e2+ 0-1

[Event "Wch U14 Girls"]
[Site "Florianopolis"]
[Date "2024.10.29"]
[Round "1"]
[White "Mgeladze, Kesaria"]
[Black "Pavao, Alice Lara Biasi"]
[Result "1-0"]
[WhiteElo "2166"]
[BlackElo "1744"]
[PlyCount "53"]
[EventDate "2024.10.29"]
[EventType "swiss"]
[EventRounds "11"]
[EventCountry "BRA"]
[SourceTitle "CB45_2024"]
[Source "ChessBase"]
[SourceDate "2024.11.06"]
[SourceVersion "1"]
[SourceVersionDate "2024.11.06"]
[SourceQuality "1"]

1. e4 c5 2. Nf3 Nc6 3. d4 cxd4 4. Nxd4 g6 5. c4 Nf6 6. Nc3 Nxd4 7. Qxd4 d6 8. Be3 Bg7 9. Be2 0-0 10. Qd3 Qa5 11. 0-0 Be6 12. Bd2 Rfc8 13. b3 Qc7 14. f4 Nd7 15. f5 Ne5 16. Qh3 Bd7 17. Nd5 Qd8 18. Qh4 Nc6 19. Rae1 f6 20. fxg6 hxg6 21. c5 dxc5 22. Bc4 Kf8 23. e5 f5 24. Nf4 e6 25. Qh7 Ne7 26. Nxg6+ Nxg6 27. Rxf5+ 1-0

[Event "EU-ch U14 Girls"]
[Site "Prague"]
[Date "2024.08.31"]
[Round "9"]
[White "Jimenez Carrazoni, Marta Elena"]
[Black "Mgeladze, Kesaria"]
[Result "0-1"]
[WhiteElo "1946"]
[BlackElo "2152"]
[PlyCount "68"]
[EventDate "2024.08.22"]
[EventType "swiss"]
[EventRounds "9"]
[EventCountry "CZE"]
[SourceTitle "CBM 221 Extra"]
[Source "ChessBase"]
[SourceDate "2024.09.30"]
[SourceVersion "1"]
[SourceVersionDate "2024.09.30"]
[SourceQuality "1"]

1. d4 Nf6 2. c4 c5 3. Nf3 cxd4 4. Nxd4 e5 5. Nb5 d6 6. g3 Be6 7. Bg2 Nc6 8. b3 a6 9. N5c3 Be7 10. 0-0 0-0 11. Bb2 Rc8 12. e4 Nd4 13. Nd5 Nxd5 14. exd5 Bf5 15. Bxd4 exd4 16. g4 Bd7 17. f4 b5 18. Nd2 Qa5 19. a3 Bxg4 20. Qxg4 Qxd2 21. Qd7 Bf6 22. Kh1 Rfd8 23. Qf5 Be7 24. Qe4 Bf8 25. Rad1 Qb2 26. Qxd4 Qxb3 27. cxb5 axb5 28. Rb1 Qxa3 29. Rxb5 Rc2 30. Be4 Qh3 31. Qg1 Rxh2+ 32. Qxh2 Qxf1+ 33. Qg1 Qxb5 34. Qh2 Qf1+ 0-1

[Event "EU-ch U14 Girls"]
[Site "Prague"]
[Date "2024.08.23"]
[Round "2"]
[White "Tokarz, Gabriela"]
[Black "Mgeladze, Kesaria"]
[Result "0-1"]
[WhiteElo "1845"]
[BlackElo "2152"]
[PlyCount "64"]
[EventDate "2024.08.22"]
[EventType "swiss"]
[EventRounds "9"]
[EventCountry "CZE"]
[SourceTitle "CBM 221 Extra"]
[Source "ChessBase"]
[SourceDate "2024.09.30"]
[SourceVersion "1"]
[SourceVersionDate "2024.09.30"]
[SourceQuality "1"]

1. d4 Nf6 2. c4 g6 3. Nc3 Bg7 4. e4 d6 5. Nf3 0-0 6. Be2 e5 7. 0-0 Nc6 8. d5 Ne7 9. Ne1 Nd7 10. Be3 f5 11. f3 f4 12. Bf2 Nf6 13. Nd3 h5 14. c5 g5 15. Rc1 g4 16. cxd6 cxd6 17. Kh1 Ng6 18. Nb5 Rf7 19. Qc2 Ne8 20. Qb3 a6 21. Na3 Qg5 22. Nc4 Bd7 23. Qxb7 Rd8 24. Bb6 Rc8 25. Ncxe5 Nxe5 26. Nxe5 Qxe5 27. Rxc8 Qxb2 28. Bxa6 gxf3 29. gxf3 Bh3 30. Rxe8+ Kh7 31. Rg1 Rxb7 32. Bxb7 Qe2 0-1

[Event "Belgrade Serbia op"]
[Site "Belgrade"]
[Date "2024.07.16"]
[Round "5"]
[White "Li, Panru"]
[Black "Mgeladze, Kesaria"]
[Result "0-1"]
[WhiteElo "2095"]
[BlackElo "2169"]
[PlyCount "54"]
[EventDate "2024.07.12"]
[EventType "swiss"]
[EventRounds "9"]
[EventCountry "SRB"]
[SourceTitle "CBM 221 Extra"]
[Source "ChessBase"]
[SourceDate "2024.09.30"]
[SourceVersion "1"]
[SourceVersionDate "2024.09.30"]
[SourceQuality "1"]

1. d4 Nf6 2. c4 g6 3. Nc3 Bg7 4. e4 d6 5. f3 0-0 6. Nge2 c5 7. Be3 Nc6 8. d5 Ne5 9. Ng3 e6 10. Be2 exd5 11. cxd5 b5 12. Nxb5 Rb8 13. Qd2 h5 14. 0-0 h4 15. Nh1 h3 16. g4 Bxg4 17. fxg4 Nfxg4 18. Nf2 Rxb5 19. Bxg4 Nxg4 20. Nxg4 Rxb2 21. Qd1 Rg2+ 22. Kh1 Qh4 23. Rf4 Bxa1 24. e5 Kg7 25. Nf6 Qg5 26. Re4 Rxh2+ 27. Kxh2 Qg2# 0-1

[Event "Belgrade Serbia op"]
[Site "Belgrade"]
[Date "2024.07.15"]
[Round "4"]
[White "Mgeladze, Kesaria"]
[Black "Alok, Sinha"]
[Result "0-1"]
[WhiteElo "2169"]
[BlackElo "2245"]
[PlyCount "146"]
[EventDate "2024.07.12"]
[EventType "swiss"]
[EventRounds "9"]
[EventCountry "SRB"]
[SourceTitle "CBM 221 Extra"]
[Source "ChessBase"]
[SourceDate "2024.09.30"]
[SourceVersion "1"]
[SourceVersionDate "2024.09.30"]
[SourceQuality "1"]

1. e4 c5 2. Nf3 d6 3. d4 cxd4 4. Nxd4 Nf6 5. Nc3 Nc6 6. f3 e5 7. Nb3 Be6 8. Nd5 Bxd5 9. exd5 Nb8 10. Be3 Be7 11. Qd2 0-0 12. 0-0-0 Nbd7 13. Kb1 Nb6 14. c4 Qd7 15. g4 Rfc8 16. Rc1 Qa4 17. Na5 Nfxd5 18. cxd5 Rxc1+ 19. Qxc1 Qxa5 20. Bxb6 axb6 21. Bc4 Rc8 22. Qf1 Bg5 23. Qd3 Bf4 24. Bb3 b5 25. h4 Qd2 26. Qxd2 Bxd2 27. a3 g6 28. h5 Kg7 29. Bc2 b4 30. hxg6 fxg6 31. axb4 Bxb4 32. Be4 Bc5 33. Kc2 Bd4+ 34. Kd3 Rc7 35. Rh2 Rc1 36. f4 Rd1+ 37. Kc2 Re1 38. Bf3 Rf1 39. Be2 Rxf4 40. b3 Rf8 41. Bc4 Rf3 42. Rg2 h6 43. Bd3 Kf7 44. Rh2 Rf2+ 45. Rxf2+ Bxf2 46. Be4 h5 47. gxh5 gxh5 48. Kd3 Bc5 49. Ke2 Kf6 50. Kf3 Kg5 51. Kg3 Bb4 52. Kf3 Be1 53. Bd3 h4 54. Bf1 e4+ 55. Ke3 Kg4 56. Bg2 Kg3 57. Bxe4 h3 58. Ke2 Bb4 59. Kf1 Kf4 60. Bh1 Ke3 61. Kg1 Kd3 62. Bf3 Kc2 63. Kh2 Kxb3 64. Kxh3 Ba5 65. Be2 Ka4 66. Kg3 b5 67. Kf2 b4 68. Ke1 Kb3 69. Kd1 Kb2 70. Bd3 Bd8 71. Bg6 Bg5 72. Bh7 b3 73. Bd3 Ka1 0-1

[Event "Belgrade Serbia op"]
[Site "Belgrade"]
[Date "2024.07.13"]
[Round "2"]
[White "Mgeladze, Kesaria"]
[Black "Ivanisevic, Ivan"]
[Result "0-1"]
[WhiteElo "2169"]
[BlackElo "2536"]
[PlyCount "142"]
[EventDate "2024.07.12"]
[EventType "swiss"]
[EventRounds "9"]
[EventCountry "SRB"]
[SourceTitle "CBM 221 Extra"]
[Source "ChessBase"]
[SourceDate "2024.09.30"]
[SourceVersion "1"]
[SourceVersionDate "2024.09.30"]
[SourceQuality "1"]

1. e4 e5 2. Nf3 Nc6 3. Nc3 Nf6 4. Bb5 Bc5 5. 0-0 Nd4 6. Nxd4 Bxd4 7. d3 c6 8. Bc4 d6 9. Ne2 Bb6 10. Be3 0-0 11. Bxb6 Qxb6 12. Bb3 a5 13. a4 Bg4 14. Qd2 Bxe2 15. Qxe2 Nd7 16. Qe3 Qxe3 17. fxe3 g6 18. c3 Kg7 19. Rad1 Ra6 20. Bc2 Rb6 21. b3 d5 22. exd5 cxd5 23. b4 Rc8 24. Bb3 Nf6 25. Rc1 axb4 26. c4 Rbc6 27. Rb1 e4 28. cxd5 Rc3 29. dxe4 Nxe4 30. Rb2 Rxe3 31. Bd1 Rc4 32. Bf3 Nc5 33. d6 Rd4 34. Rc2 Rc3 35. Rxc3 bxc3 36. Rc1 Nxa4 37. Bd1 b5 38. Bxa4 bxa4 39. Rxc3 Rxd6 40. Ra3 Ra6 41. Kf2 Kf6 42. Ke3 Ke5 43. Kd3 f5 44. Ke3 f4+ 45. Kf3 Kd4 46. Kxf4 Kc4 47. Kg5 Kb4 48. Ra1 a3 49. Kh6 Ra7 50. g4 a2 51. h4 Kb3 52. Rf1 Rb7 53. h5 gxh5 54. gxh5 Kb2 55. Rf2+ Ka3 56. Rf1 Rb5 57. Rf3+ Ka4 58. Rf1 Kb3 59. Rf3+ Kb4 60. Rf1 Ra5 61. Ra1 Kb3 62. Rf1 Kc3 63. Rd1 Rb5 64. Rf1 Rb1 65. Rf3+ Kd4 66. Ra3 a1Q 67. Rxa1 Rxa1 68. Kxh7 Rg1 69. h6 Ke5 70. Kh8 Kf6 71. h7 Ra1 0-1

[Event "Paracin op-A 17th"]
[Site "Paracin"]
[Date "2024.07.04"]
[Round "2"]
[White "Mgeladze, Kesaria"]
[Black "Hu, Zhening"]
[Result "1/2-1/2"]
[WhiteElo "2169"]
[BlackElo "2014"]
[PlyCount "76"]
[EventDate "2024.07.03"]
[EventType "swiss"]
[EventRounds "9"]
[EventCountry "SRB"]
[SourceTitle "CBM 221 Extra"]
[Source "ChessBase"]
[SourceDate "2024.09.30"]
[SourceVersion "1"]
[SourceVersionDate "2024.09.30"]
[SourceQuality "1"]

1. e4 e5 2. Nc3 Bc5 3. Bc4 Nf6 4. d3 c6 5. f4 d5 6. exd5 Nxd5 7. Qf3 Nxc3 8. bxc3 Nd7 9. Ne2 Qh4+ 10. g3 Qe7 11. Bb2 exf4 12. d4 Bd6 13. 0-0 Nb6 14. Bb3 Be6 15. Bxe6 fxe6 16. Nxf4 0-0 17. Rae1 Bxf4 18. gxf4 Nc4 19. Bc1 Rae8 20. Qe2 b5 21. f5 e5 22. Qg2 Qd7 23. f6 Re6 24. dxe5 Rxe5 25. Rxe5 Nxe5 26. Bh6 Qg4 27. Qxg4 Nxg4 28. Bxg7 Rd8 29. Rf4 Ne3 30. Kf2 Nd5 31. Rd4 Kf7 32. c4 bxc4 33. Rxc4 Rd6 34. Rd4 Nxf6 35. Bxf6 Rxf6+ 36. Kg3 Re6 37. Rf4+ Kg6 38. Ra4 Re3+ 1/2-1/2

[Event "EU-ch (Women) 24th"]
[Site "Rhodes"]
[Date "2024.04.25"]
[Round "6"]
[White "Mgeladze, Kesaria"]
[Black "Benmesbah, Natacha"]
[Result "0-1"]
[WhiteElo "2094"]
[BlackElo "2306"]
[PlyCount "106"]
[EventDate "2024.04.19"]
[EventType "swiss"]
[EventRounds "10"]
[EventCountry "GRE"]
[SourceTitle "CBM 219 Extra"]
[Source "ChessBase"]
[SourceDate "2024.05.31"]
[SourceVersion "1"]
[SourceVersionDate "2024.05.31"]
[SourceQuality "1"]

1. e4 c6 2. Nf3 d5 3. Nc3 Bg4 4. h3 Bxf3 5. Qxf3 e6 6. g3 Bc5 7. Bg2 Nd7 8. 0-0 h5 9. Qe2 h4 10. g4 Ne7 11. d3 Qc7 12. Na4 Bd6 13. f4 b5 14. Nc3 d4 15. Nd1 e5 16. f5 c5 17. a4 c4 18. axb5 cxd3 19. Qxd3 Rc8 20. Rf2 Bc5 21. Bd2 Bb6 22. Bb4 Nc5 23. Bxc5 Qxc5 24. b3 Rc7 25. Nb2 Qc3 26. Ra2 Qe1+ 27. Rf1 Qe3+ 28. Kh1 0-0 29. Qxe3 dxe3 30. Nc4 Rd8 31. Re1 Rc5 32. Nxb6 axb6 33. Bf1 Rd2 34. Bd3 Nc8 35. Rxe3 Nd6 36. g5 Kh7 37. b4 Rc3 38. Ra7 Rdxc2 39. Bxc2 Rxe3 40. Rd7 Nxb5 41. Bd3 Nd4 42. Bc4 Rxh3+ 43. Kg2 Rg3+ 44. Kf2 Rxg5 45. Bxf7 h3 46. Rd8 Rg2+ 47. Kf1 Rg3 48. Bg6+ Kh6 49. Kf2 Rg2+ 50. Kf1 Kg5 51. Rg8 Ne2 52. Rxg7 Ng3+ 53. Ke1 h2 0-1

[Event "EU-ch (Women) 24th"]
[Site "Rhodes"]
[Date "2024.04.23"]
[Round "5"]
[White "Antolak, Julia"]
[Black "Mgeladze, Kesaria"]
[Result "1/2-1/2"]
[WhiteElo "2309"]
[BlackElo "2094"]
[PlyCount "83"]
[EventDate "2024.04.19"]
[EventType "swiss"]
[EventRounds "10"]
[EventCountry "GRE"]
[SourceTitle "CBM 219 Extra"]
[Source "ChessBase"]
[SourceDate "2024.05.31"]
[SourceVersion "1"]
[SourceVersionDate "2024.05.31"]
[SourceQuality "1"]

1. d4 Nf6 2. c4 g6 3. Nc3 Bg7 4. e4 d6 5. Be2 0-0 6. Be3 c5 7. d5 e6 8. Nf3 exd5 9. cxd5 Nbd7 10. Nd2 Ne5 11. h3 Ne8 12. Nf1 f5 13. exf5 Bxf5 14. Ng3 Bd7 15. Qd2 Rb8 16. a4 a6 17. 0-0 b5 18. axb5 axb5 19. f4 Nc4 20. Bxc4 bxc4 21. Ra7 Nc7 22. f5 Bxf5 23. Bh6 Bd3 24. Re1 Bd4+ 25. Kh1 Rf7 26. Nce4 Nxd5 27. Rxf7 Kxf7 28. Ng5+ Kg8 29. Ne6 Qf6 30. Nxd4 cxd4 31. Qa5 Qf7 32. Qa6 Qf2 33. Ra1 Nf4 34. Rg1 Re8 35. Qxd6 Ne6 36. Ra1 Qf7 37. Qc6 Rd8 38. Qb6 Re8 39. Ra7 Re7 40. Ra8+ Re8 41. Qc6 Ng7 42. Rxe8+ 1/2-1/2